Pakistan 2004: Statistical Pocket Book (Record no. 63107)

000 -LEADER
fixed length control field 00533nam a22001697a 4500
003 - CONTROL NUMBER IDENTIFIER
control field NUST - PNEC
005 - DATE AND TIME OF LATEST TRANSACTION
control field 20170116180804.0
008 - FIXED-LENGTH DATA ELEMENTS--GENERAL INFORMATION
fixed length control field 150421b xxu||||| |||| 00| 0 eng d
040 ## - CATALOGING SOURCE
Transcribing agency LIBRARY
082 ## - DEWEY DECIMAL CLASSIFICATION NUMBER
Classification number 310.0212 GOV
100 ## - MAIN ENTRY--PERSONAL NAME
9 (RLIN) 2808
Personal name Government of Pakistan
245 ## - TITLE STATEMENT
Title Pakistan 2004: Statistical Pocket Book
Statement of responsibility, etc. Statistics Division Government of Pakistan
260 ## - PUBLICATION, DISTRIBUTION, ETC.
Name of publisher, distributor, etc. Statistics Division Government of Pakistan
300 ## - PHYSICAL DESCRIPTION
Extent 212 p. :
Dimensions 18 cm.
650 ## - SUBJECT ADDED ENTRY--TOPICAL TERM
9 (RLIN) 2811
Topical term or geographic name entry element Statistics Survey of Pakistan
General subdivision General
942 ## - ADDED ENTRY ELEMENTS (KOHA)
Source of classification or shelving scheme
Koha item type Book
Holdings
Withdrawn status Lost status Source of classification or shelving scheme Damaged status Not for loan Permanent Location Current Location Shelving location Date acquired Source of acquisition Total Checkouts Full call number Barcode Date last seen Price effective from Koha item type
          Pakistan Navy Engineering College (PNEC) Pakistan Navy Engineering College (PNEC)   07/21/2004 NUST Islamabad   310.0212 GOV PNECLIB-026622 04/21/2015 07/21/2004 Book
© 2023 Central Library, National University of Sciences and Technology. All Rights Reserved.